[Event "World Rapid Women 2025"]
[Site "Doha QAT"]
[Date "2025.12.26"]
[Round "1.65"]
[White "Echcharbiny, Wissal"]
[Black "Buksa, Nataliya"]
[Result "0-1"]
[BlackTitle "IM"]
[WhiteElo "1726"]
[BlackElo "2397"]
[WhiteFideId "9014853"]
[BlackFideId "14123622"]
[EventDate "2025.12.26"]

1. d4 d5 2. e3 Nf6 3. Bd3 g6 4. Nd2 Bg7 5. f4 c5 6. c3 Nc6 7. Ngf3 Qb6 8. Qb3
Bf5 9. Qxb6 axb6 10. Bb5 O-O 11. O-O c4 12. Ne1 Ra5 13. Bxc6 bxc6 14. h3 h5 15.
Kh2 Ne4 16. Nxe4 Bxe4 17. Rf2 f6 18. Nc2 e5 19. Nb4 Rc8 20. Rd2 Kf7 21. Rd1 Ke6
22. Rd2 g5 23. fxe5 fxe5 24. Rf2 Bf6 25. Nc2 g4 26. dxe5 g3+ 27. Kxg3 Bxe5+ 28.
Kh4 0-1

[Event "World Rapid Women 2025"]
[Site "Doha QAT"]
[Date "2025.12.26"]
[Round "1.66"]
[White "Kairbekova, Amina"]
[Black "Nordahl, Christine"]
[Result "0-1"]
[WhiteTitle "WGM"]
[WhiteElo "2353"]
[BlackElo "1835"]
[WhiteFideId "13712799"]
[BlackFideId "1557939"]
[EventDate "2025.12.26"]

1. e4 c5 2. Nf3 Nc6 3. Nc3 g6 4. d4 cxd4 5. Nxd4 Bg7 6. Be3 Nf6 7. Nxc6 bxc6 8.
e5 Nd5 9. Nxd5 cxd5 10. Qxd5 Rb8 11. O-O-O Qc7 12. f4 O-O 13. h4 d6 14. Qc4 Qb7
15. Bd4 Bf5 16. Bd3 Rfc8 17. Qa4 Bxd3 18. Rxd3 Qxg2 19. Rg1 Qh2 20. Rd2 Qxf4 21.
exd6 exd6 22. Rd1 Rc7 23. c3 Rcb7 24. Kb1 Qxh4 25. Qc6 Bxd4 26. cxd4 Rb6 27. Qd5
Qf4 28. Re2 h5 29. Rg1 Rb5 30. Rxg6+ Kh7 31. Qc4 Qf1+ 32. Qc1 Qxc1+ 33. Kxc1
fxg6 34. b3 h4 35. Kd2 h3 36. Rh2 Rh5 37. Ke3 Rf8 38. d5 Rff5 39. b4 Rxd5 40.
Kf3 Rd4 41. b5 Rb4 42. b6 Rxb6 43. Kg4 Rb4+ 44. Kg3 Ra4 45. Kf3 a5 46. Kg3 Ra3+
47. Kg4 a4 48. Kf4 Rc3 49. Kg4 Rc4+ 50. Kg3 Rb4 51. Kf3 a3 52. Kg3 Rb2 53. Rh1
Rxa2 54. Kg4 Rg2+ 55. Kf3 a2 56. Rc1 Rc5 57. Re1 Rf5+ 0-1

[Event "World Rapid Women 2025"]
[Site "Doha QAT"]
[Date "2025.12.26"]
[Round "1.67"]
[White "Alsemairi, Dalia"]
[Black "Savitha, Shri B"]
[Result "0-1"]
[WhiteTitle "WCM"]
[BlackTitle "IM"]
[WhiteElo "1802"]
[BlackElo "2334"]
[WhiteFideId "21511217"]
[BlackFideId "35061887"]
[EventDate "2025.12.26"]

1. e4 c5 2. c3 Nf6 3. e5 Nd5 4. d4 cxd4 5. Qxd4 e6 6. Nf3 Nc6 7. Qe4 f5 8. Qe2
b5 9. g3 Qc7 10. Bg2 Be7 11. O-O a5 12. Re1 Ba6 13. Nbd2 O-O 14. a3 Rfc8 15. Nb3
b4 16. Qc2 bxc3 17. bxc3 Rab8 18. Bb2 Qb6 19. c4 Bxc4 20. Qxc4 Qxb3 21. Qxb3
Rxb3 22. Bd4 Rxf3 23. Bxf3 Nxd4 24. Bxd5 exd5 25. Red1 Rc4 26. f4 Bc5 27. Kh1
Rc2 28. Rd3 a4 29. Rad1 Rc4 30. Rb1 Kf7 31. Rb7 Ke7 32. Rc7 Rc1+ 33. Kg2 Rc2+
34. Kh1 Ne6 35. Rb7 Rc1+ 36. Kg2 d4 37. Rb5 Rc3 38. Rd1 Rxa3 39. Kh1 0-1

[Event "World Rapid Women 2025"]
[Site "Doha QAT"]
[Date "2025.12.26"]
[Round "1.68"]
[White "Charkhalashvili, Inga"]
[Black "Alotaibi, Maitha Abdulrahman A"]
[Result "1-0"]
[WhiteTitle "WGM"]
[WhiteElo "2235"]
[BlackElo "1600"]
[WhiteFideId "13601431"]
[BlackFideId "21524009"]
[EventDate "2025.12.26"]

1. d4 f5 2. Bg5 Nf6 3. Bxf6 exf6 4. e3 g6 5. h4 Bg7 6. Nh3 d5 7. c4 Be6 8. Nf4
Bf7 9. Qb3 O-O 10. cxd5 Nd7 11. Ne6 Bxe6 12. dxe6 Kh8 13. exd7 Qxd7 14. h5 Qc8 1-0

[Event "World Rapid Women 2025"]
[Site "Doha QAT"]
[Date "2025.12.26"]
[Round "1.69"]
[White "Lau, Chloe Hailey"]
[Black "Zhapova, Yana"]
[Result "0-1"]
[BlackTitle "FM"]
[WhiteElo "1562"]
[BlackElo "2260"]
[WhiteFideId "6012469"]
[BlackFideId "24278670"]
[EventDate "2025.12.26"]

1. e4 e6 2. d4 d5 3. Nc3 Bb4 4. e5 c5 5. a3 Ba5 6. Nf3 Nc6 7. Be3 cxd4 8. Bxd4
Nge7 9. Be2 Nf5 10. Bb5 O-O 11. Bxc6 bxc6 12. O-O Nxd4 13. Nxd4 Qc7 14. Re1 c5
15. Nb3 Bb6 16. Nd2 Qe7 17. Nf3 Bb7 18. Qe2 Rae8 19. Nb5 Ba6 20. a4 Ba5 21. Red1
f6 22. Qe3 Bb6 23. Na3 fxe5 24. Qxe5 Rf5 25. Qe1 Ref8 26. a5 Bc7 27. Nb1 Qd6 28.
Nbd2 Rxf3 29. Nxf3 Rxf3 30. g3 Bb7 31. Qe2 d4 32. Re1 Rf6 33. Qb5 Bc6 34. Qc4
Bd5 35. Qb5 e5 36. Rad1 a6 37. Qa4 e4 38. c3 d3 39. b3 h6 40. c4 Bc6 41. Qa2 Qd8
42. Ra1 Be5 43. Rad1 Bd4 44. Rf1 e3 45. fxe3 Bxe3+ 46. Rf2 Qd4 47. Rf1 d2 0-1

[Event "World Rapid Women 2025"]
[Site "Doha QAT"]
[Date "2025.12.26"]
[Round "1.70"]
[White "Nomin-Erdene, Davaademberel"]
[Black "Al-Khulaifi, Ghada"]
[Result "1-0"]
[WhiteTitle "IM"]
[BlackTitle "WCM"]
[WhiteElo "2312"]
[BlackElo "1630"]
[WhiteFideId "4900782"]
[BlackFideId "12100633"]
[EventDate "2025.12.26"]

1. Nf3 d5 2. g3 Nf6 3. Bg2 Bf5 4. O-O e6 5. c4 c6 6. Qb3 Qc7 7. d3 b6 8. Nc3 Bd6
9. cxd5 exd5 10. e4 dxe4 11. dxe4 Be6 12. Qc2 O-O 13. Re1 Nbd7 14. Bg5 Ng4 15.
h3 Nxf2 16. Qxf2 Bxg3 17. Qe3 Bxe1 18. Rxe1 f6 19. Bf4 Ne5 20. Nd4 Bc8 21. Qg3
Re8 22. Kh1 b5 23. Rc1 Qd6 24. Nf3 b4 25. Na4 Qe6 26. Nc5 Qxa2 27. Nxe5 fxe5 28.
Bxe5 g6 29. Qg5 Qf7 30. Rf1 Qe7 31. Bf6 Qf8 32. e5 Bf5 33. Rxf5 Qxc5 34. Rf1 a5
35. Rc1 Qf8 36. Bxc6 Rec8 37. Bd5+ 1-0

[Event "World Rapid Women 2025"]
[Site "Doha QAT"]
[Date "2025.12.26"]
[Round "2.1"]
[White "Yu, Jennifer"]
[Black "Tan, Zhongyi"]
[Result "0-1"]
[WhiteTitle "FM"]
[BlackTitle "GM"]
[WhiteElo "2276"]
[BlackElo "2524"]
[WhiteFideId "2078341"]
[BlackFideId "8603642"]
[EventDate "2025.12.26"]

1. c4 e6 2. Nc3 d5 3. d4 Nf6 4. cxd5 exd5 5. Bg5 Bb4 6. e3 h6 7. Bh4 g5 8. Bg3
h5 9. h4 Ne4 10. Ne2 Bg4 11. Qb3 Nc6 12. Bh2 Qf6 13. f3 Bxf3 14. Be5 Qf5 15.
Bxh8 Bxe2 16. Bxe2 Bxc3+ 17. Kd1 Nf2+ 18. Kc1 Nxh1 19. Qxb7 Bxb2+ 20. Qxb2 Kd7
21. Be5 Qf2 22. Kd2 Rb8 23. Qxb8 Nxb8 24. Rxh1 Nc6 25. Rf1 Qxg2 26. Rxf7+ Ke8
27. Rxc7 Nxe5 28. dxe5 gxh4 29. e6 h3 30. Kd3 Qg6+ 31. Kd2 Qxe6 32. Bxh5+ Kd8
33. Rh7 d4 34. exd4 Qe4 35. Rh8+ Kc7 0-1

[Event "World Rapid Women 2025"]
[Site "Doha QAT"]
[Date "2025.12.26"]
[Round "2.2"]
[White "Goryachkina, Aleksandra"]
[Black "Nurman, Alua"]
[Result "1-0"]
[WhiteTitle "GM"]
[BlackTitle "WGM"]
[WhiteElo "2534"]
[BlackElo "2367"]
[WhiteFideId "4147103"]
[BlackFideId "13729390"]
[EventDate "2025.12.26"]

1. e4 c5 2. Nf3 d6 3. Bb5+ Bd7 4. Bxd7+ Nxd7 5. O-O Ngf6 6. Qe2 e6 7. b3 Be7 8.
Bb2 a6 9. c4 Rc8 10. Nc3 Ne5 11. Nxe5 dxe5 12. d3 Nd7 13. Qg4 O-O 14. f4 Nf6 15.
Qe2 exf4 16. e5 Nd7 17. Rxf4 Qc7 18. Re1 Nxe5 19. Qxe5 Qxe5 20. Rxe5 Bd6 21.
Rfe4 Bxe5 22. Rxe5 Rfd8 23. Re3 Rc6 24. Kf2 f6 25. Ke2 Kf7 26. Ne4 h6 27. Rf3 b6
28. h4 Rc7 29. Nxf6 gxf6 30. Bxf6 Re7 31. Bxe7+ Kxe7 32. Rg3 Rd4 33. Rg7+ Kf6
34. Rb7 Rd6 35. Ke3 Kf5 36. g3 a5 37. Rf7+ Kg6 38. Rf3 Rd4 39. Rf4 Rd6 40. g4
Rd8 41. Ke4 Rd4+ 42. Ke5 Rxd3 43. Rf6+ Kg7 44. Rxe6 Rg3 45. Kf4 Rg2 46. a4 h5
47. gxh5 Rf2+ 48. Kg3 Rd2 49. Rxb6 Rd4 50. Rb5 Kh6 51. Rxa5 Rd3+ 52. Kg4 Rxb3
53. Rxc5 1-0

[Event "World Rapid Women 2025"]
[Site "Doha QAT"]
[Date "2025.12.26"]
[Round "2.3"]
[White "Padmini, Rout"]
[Black "Lei, Tingjie"]
[Result "1/2-1/2"]
[WhiteTitle "IM"]
[BlackTitle "GM"]
[WhiteElo "2354"]
[BlackElo "2569"]
[WhiteFideId "5029295"]
[BlackFideId "8605114"]
[EventDate "2025.12.26"]

1. Nf3 Nf6 2. g3 g6 3. Bg2 Bg7 4. O-O O-O 5. d4 d6 6. b3 e5 7. dxe5 dxe5 8. Ba3
Re8 9. Qxd8 Rxd8 10. Nc3 e4 11. Rad1 Re8 12. Ng5 Bf5 13. Ngxe4 Nxe4 14. Nxe4 Nd7
15. Nc5 Nxc5 16. Bxc5 Bxc2 17. Rd2 Be4 18. Bxe4 Rxe4 19. Rfd1 b6 20. Be3 Ree8
21. Rd7 Be5 22. Kg2 a5 23. Kf3 a4 24. Bf4 axb3 25. axb3 Bxf4 26. gxf4 Ra2 27. e3
Rc2 28. R1d4 Re6 29. h4 Kg7 30. R4d5 h5 31. b4 c6 32. Rd4 c5 33. bxc5 Rxc5 34.
Rb7 Rc1 35. Rb4 Rcc6 36. Rb5 Rf6 37. Kg3 Rce6 38. Rb3 Rc6 39. e4 Rc1 40. e5 Rfc6
41. R3xb6 Rg1+ 42. Kf3 Rxb6 43. Rxb6 Rg4 44. Rb7 Kf8 45. Ke4 Rxh4 46. e6 fxe6
47. Ke5 Rg4 48. f3 Rg3 49. Kxe6 h4 50. Kf6 Kg8 51. Rb8+ Kh7 52. Rb7+ Kh6 53. Rb8
Kh7 54. Rb7+ Kh6 1/2-1/2

[Event "World Rapid Women 2025"]
[Site "Doha QAT"]
[Date "2025.12.26"]
[Round "2.4"]
[White "Mungunzul, Bat-Erdene"]
[Black "Lagno, Kateryna"]
[Result "1/2-1/2"]
[WhiteTitle "WIM"]
[BlackTitle "GM"]
[WhiteElo "2350"]
[BlackElo "2508"]
[WhiteFideId "4902831"]
[BlackFideId "14109336"]
[EventDate "2025.12.26"]

1. d4 d5 2. c4 e6 3. Nf3 Nf6 4. Nc3 Be7 5. Bg5 h6 6. Bh4 dxc4 7. e3 O-O 8. Bxc4
c5 9. O-O cxd4 10. exd4 Nc6 11. Re1 Nh5 12. Bxe7 Nxe7 13. d5 exd5 14. Nxd5 Nxd5
15. Qxd5 Qxd5 16. Bxd5 Nf4 17. Be4 Nh5 18. Nd4 Nf6 19. Bf3 Rd8 20. Nb3 Be6 21.
Bxb7 Rab8 22. Bf3 Bxb3 23. axb3 Rxb3 24. Rxa7 Rxb2 25. h3 Rbd2 26. Ree7 R2d7 27.
Rexd7 Rxd7 28. Rxd7 Nxd7 1/2-1/2

[Event "World Rapid Women 2025"]
[Site "Doha QAT"]
[Date "2025.12.26"]
[Round "2.5"]
[White "Kosteniuk, Alexandra"]
[Black "Badelka, Olga"]
[Result "1-0"]
[WhiteTitle "GM"]
[BlackTitle "IM"]
[WhiteElo "2483"]
[BlackElo "2395"]
[WhiteFideId "4128125"]
[BlackFideId "13509926"]
[EventDate "2025.12.26"]

1. e4 c5 2. c3 d5 3. exd5 Qxd5 4. d4 Nc6 5. Nf3 Nf6 6. Be2 Bf5 7. c4 Qd6 8. d5
Nb4 9. O-O e6 10. Nc3 exd5 11. Nb5 Qb6 12. Bf4 Na6 13. cxd5 O-O-O 14. d6 Ne8 15.
a4 c4 16. Be3 Qa5 17. Qd5 Kb8 18. Qxf5 Nxd6 19. Nxd6 1-0

[Event "World Rapid Women 2025"]
[Site "Doha QAT"]
[Date "2025.12.26"]
[Round "2.6"]
[White "Tokhirjonova, Gulrukhbegim"]
[Black "Koneru, Humpy"]
[Result "1/2-1/2"]
[WhiteTitle "IM"]
[BlackTitle "GM"]
[WhiteElo "2372"]
[BlackElo "2535"]
[WhiteFideId "14203626"]
[BlackFideId "5008123"]
[EventDate "2025.12.26"]

1. d4 f5 2. c4 Nf6 3. Nc3 e6 4. g3 Bb4 5. Qb3 Nc6 6. Nf3 Ne4 7. Bg2 O-O 8. O-O
Bxc3 9. bxc3 b6 10. Nd2 Na5 11. Qc2 Nxd2 12. Bxd2 Rb8 13. c5 Ba6 14. Bf4 d6 15.
Rfd1 Qe7 16. h4 h6 17. Rab1 dxc5 18. dxc5 e5 19. Bc1 Qxc5 20. Rd7 e4 21. Bf4
Rbc8 22. Rbd1 Bc4 23. Be3 Qc6 24. f3 Bd3 25. Rxg7+ Kxg7 26. exd3 exf3 27. Bh1
Rce8 28. Qf2 Kh7 29. c4 Qe6 30. Bf4 Qe2 31. Bxf3 Qxf2+ 32. Kxf2 c6 33. c5 Re6
34. d4 Nb7 35. cxb6 axb6 36. Rb1 Ra8 37. Rxb6 Rxa2+ 38. Kf1 Ra1+ 39. Kg2 Nd8 40.
Bc7 Nf7 41. d5 Ra2+ 42. Kh3 Re3 43. Bh5 Ne5 44. Rb7 Kh8 45. Bd8 Ng4 46. Bxg4
fxg4+ 47. Kxg4 cxd5 48. Bc7 Re7 49. Rb8+ Kg7 50. Bf4 Ra6 51. Rd8 Rg6+ 52. Kf3
Ra7 53. Rxd5 Ra3+ 54. Kg2 Ra2+ 55. Kf3 Ra3+ 56. Kg2 Ra2+ 57. Kf3 Ra3+ 1/2-1/2

[Event "World Rapid Women 2025"]
[Site "Doha QAT"]
[Date "2025.12.26"]
[Round "2.7"]
[White "Dronavalli, Harika"]
[Black "Zhang, Lanlin"]
[Result "1-0"]
[WhiteTitle "GM"]
[BlackTitle "WIM"]
[WhiteElo "2466"]
[BlackElo "2291"]
[WhiteFideId "5015197"]
[BlackFideId "8608032"]
[EventDate "2025.12.26"]

1. Nf3 Nf6 2. g3 g6 3. Bg2 Bg7 4. O-O O-O 5. c4 c6 6. b3 d5 7. Bb2 a5 8. d3 Na6
9. a3 b5 10. Nbd2 Bb7 11. Qc2 Nd7 12. Bxg7 Kxg7 13. Qb2+ Kg8 14. b4 axb4 15.
axb4 bxc4 16. dxc4 Qb6 17. Rab1 Nc7 18. Ne5 Nxe5 19. Qxe5 Ne6 20. b5 Qd4 21. Nf3
Qxe5 22. Nxe5 cxb5 23. Rxb5 Ba6 24. Rxd5 Rac8 25. Rc1 Bb7 26. Rd7 Bxg2 27. Kxg2
Rfe8 28. Nd3 Nc5 29. Ra7 Nb3 30. Rc3 Nd4 31. Ra2 e5 32. c5 e4 33. Nf4 Re5 34.
Rc4 Nb3 35. c6 Na5 36. Rc1 Rc7 37. Rac2 Nb3 38. Rd1 Na5 39. Rd5 Rxc6 40. Rxe5
Rxc2 41. Rxa5 Rd2 42. h4 h6 43. e3 1-0

[Event "World Rapid Women 2025"]
[Site "Doha QAT"]
[Date "2025.12.26"]
[Round "2.8"]
[White "Balajayeva, Khanim"]
[Black "Zhu, Jiner"]
[Result "0-1"]
[WhiteTitle "IM"]
[BlackTitle "GM"]
[WhiteElo "2351"]
[BlackElo "2579"]
[WhiteFideId "13406396"]
[BlackFideId "8608059"]
[EventDate "2025.12.26"]

1. e4 e5 2. Nf3 Nc6 3. d4 exd4 4. Nxd4 Nf6 5. Nxc6 bxc6 6. Bd3 d5 7. exd5 cxd5
8. O-O Be7 9. c4 O-O 10. Nc3 c6 11. cxd5 cxd5 12. Be3 Bg4 13. Qa4 a5 14. Bd4 Be6
15. Rad1 Rb8 16. Bb1 Re8 17. Qc2 g6 18. Qd2 Bf8 19. Be5 Rb4 20. a3 Rb7 21. Rfe1
Nd7 22. Bd4 Qb8 23. Re2 Rc8 24. Ba2 Qd6 25. Qg5 h6 26. Qg3 Qxg3 27. hxg3 Nb6 28.
Bxb6 Rxb6 29. Nxd5 Rd6 30. Nf6+ Kg7 31. Rxd6 Bxd6 32. Bxe6 Rc1+ 33. Kh2 Kxf6 34.
Bd5 h5 35. Re3 Kg7 36. Bb3 Bc5 37. Re2 Rf1 38. f3 f5 39. Rc2 Bg1+ 40. Kh1 Kh6
41. Bc4 Re1 42. b4 axb4 43. axb4 Kg5 44. Bf7 h4 45. gxh4+ Kxh4 46. g4 Kh3 47.
Re2 Rf1 48. Rg2 Bf2+ 0-1

[Event "World Rapid Women 2025"]
[Site "Doha QAT"]
[Date "2025.12.26"]
[Round "2.9"]
[White "Dzagnidze, Nana"]
[Black "Kiolbasa, Oliwia"]
[Result "1-0"]
[WhiteTitle "GM"]
[BlackTitle "IM"]
[WhiteElo "2469"]
[BlackElo "2397"]
[WhiteFideId "13601903"]
[BlackFideId "1154613"]
[EventDate "2025.12.26"]

1. d4 Nf6 2. c4 e6 3. Nc3 d5 4. cxd5 exd5 5. Bg5 Be6 6. e3 Nbd7 7. Bd3 c6 8. Qc2
h6 9. Bh4 g5 10. Bg3 Nh5 11. Nge2 Qf6 12. a3 Rc8 13. O-O Nxg3 14. Nxg3 h5 15. f4
gxf4 16. Nge2 Bd6 17. Nxf4 Qg5 18. Rae1 Nf6 19. Qf2 Rg8 20. Kh1 h4 21. Re2 Ng4
22. Qf3 Rc7 23. e4 Bxf4 24. Qxf4 Qxf4 25. Rxf4 Kd7 26. h3 Nh6 27. Rxh4 Rh8 28.
Rf2 Ke7 29. exd5 cxd5 30. Kg1 Rcc8 31. Rh5 f5 32. Ne2 Bf7 33. Rh4 Kf6 34. Rhf4
Be6 35. Kf1 Ke7 36. Ke1 Rhf8 37. Kd2 Rf7 38. R4f3 Kd6 39. Nf4 Bd7 40. Re3 Ng8
41. Nh5 Nf6 42. Nxf6 Rxf6 43. Ref3 Rcf8 44. Rf4 Ke7 45. Re2+ Kd6 46. Ref2 Ke7
47. Be2 Rg8 48. g4 Rh6 49. gxf5 Rxh3 50. f6+ Kf7 51. Bf3 Be6 52. Kc3 Rg6 53. Kb4
Rhh6 54. Kc5 Rxf6 55. Bxd5 Rxf4 56. Rxf4+ Ke7 57. Re4 Kd7 58. Bxe6+ Rxe6 59.
Rxe6 Kxe6 60. a4 Kd7 61. Kd5 b6 62. Ke5 Ke7 63. d5 Kd7 64. d6 Kd8 65. Ke6 Ke8
66. d7+ Kd8 67. Kd6 a6 68. Kc6 b5 69. axb5 axb5 70. b4 1-0

[Event "World Rapid Women 2025"]
[Site "Doha QAT"]
[Date "2025.12.26"]
[Round "2.10"]
[White "Fataliyeva, Ulviyya"]
[Black "Muzychuk, Mariya"]
[Result "0-1"]
[WhiteTitle "IM"]
[BlackTitle "GM"]
[WhiteElo "2434"]
[BlackElo "2475"]
[WhiteFideId "13403052"]
[BlackFideId "14114550"]
[EventDate "2025.12.26"]

1. e4 e5 2. Nf3 Nc6 3. d4 exd4 4. Nxd4 Nf6 5. Nxc6 bxc6 6. Bd3 d5 7. exd5 cxd5
8. O-O Be7 9. c4 c6 10. Nc3 O-O 11. Qc2 h6 12. cxd5 cxd5 13. Bf4 Bb7 14. Rad1 d4
15. Bf5 Bc5 16. Na4 Qd5 17. f3 Bb6 18. Nxb6 axb6 19. b3 d3 20. Qxd3 0-1

[Event "World Rapid Women 2025"]
[Site "Doha QAT"]
[Date "2025.12.26"]
[Round "2.11"]
[White "Divya, Deshmukh"]
[Black "Berend, Elvira"]
[Result "1/2-1/2"]
[WhiteTitle "GM"]
[BlackTitle "WGM"]
[WhiteElo "2497"]
[BlackElo "2265"]
[WhiteFideId "35006916"]
[BlackFideId "4000510"]
[EventDate "2025.12.26"]

1. d4 Nf6 2. g3 d5 3. Bg2 e6 4. Nf3 c5 5. O-O Nc6 6. b3 Be7 7. Bb2 O-O 8. dxc5
Bxc5 9. Nbd2 Re8 10. c4 a6 11. a3 a5 12. Qc2 d4 13. Ne4 Nxe4 14. Qxe4 f5 15. Qh4
Be7 16. Qf4 Bf6 17. Rad1 e5 18. Qd2 Qb6 19. Qc2 Be6 20. h4 h6 21. Bh3 e4 22. Ne1
Qc5 23. Qc1 a4 24. b4 Qxc4 25. Bxf5 Qxe2 26. Bxe6+ Rxe6 27. Ng2 Qb5 28. Nf4 Ree8
29. Qb1 Qf5 30. Qa2+ Kh7 31. Rc1 Ne5 32. Rc5 Nf3+ 33. Kh1 Qg4 34. Qd5 b6 35. Rb5
Rad8 36. Qh5 Qxh5 37. Nxh5 Re6 38. Kg2 d3 39. Nxf6+ gxf6 40. Rd1 Rc8 41. Rd5 Rc2
42. Rc1 Rec6 43. Rxc2 Rxc2 44. Bxf6 Kg6 45. Bd4 h5 46. Bxb6 Rc1 47. Be3 Rg1+ 48.
Kh3 Rh1+ 49. Kg2 Ra1 50. b5 Rg1+ 51. Kh3 Rh1+ 52. Kg2 Rg1+ 53. Kh3 1/2-1/2

[Event "World Rapid Women 2025"]
[Site "Doha QAT"]
[Date "2025.12.26"]
[Round "2.12"]
[White "Zhurova, Anna"]
[Black "Muzychuk, Anna"]
[Result "1/2-1/2"]
[WhiteTitle "WFM"]
[BlackTitle "GM"]
[WhiteElo "2299"]
[BlackElo "2518"]
[WhiteFideId "54113075"]
[BlackFideId "14111330"]
[EventDate "2025.12.26"]

1. e4 e5 2. Nf3 Nc6 3. Bb5 a6 4. Ba4 Nf6 5. O-O Nxe4 6. Re1 Nc5 7. Bxc6 dxc6 8.
Nxe5 Be7 9. d4 Ne6 10. Be3 O-O 11. c4 f6 12. Nf3 Re8 13. Nc3 Nf8 14. Qb3 Bg4 15.
Nd2 Qd7 16. f3 Bh5 17. d5 b6 18. Qa4 Bd6 19. Nde4 Be5 20. f4 Bxc3 21. Nxc3 Bf7
22. Qxc6 Qxc6 23. dxc6 Bxc4 24. f5 g6 25. Bf4 gxf5 26. Bxc7 Rxe1+ 27. Rxe1 Rc8
28. Bxb6 Rxc6 29. Bd4 Kf7 30. Rd1 Ng6 31. Be3 Be6 32. g3 h5 1/2-1/2

[Event "World Rapid Women 2025"]
[Site "Doha QAT"]
[Date "2025.12.26"]
[Round "2.13"]
[White "Buksa, Nataliya"]
[Black "Stefanova, Antoaneta"]
[Result "0-1"]
[WhiteTitle "IM"]
[BlackTitle "GM"]
[WhiteElo "2397"]
[BlackElo "2391"]
[WhiteFideId "14123622"]
[BlackFideId "2902257"]
[EventDate "2025.12.26"]

1. e4 e5 2. Nf3 Nc6 3. Bc4 Nf6 4. d4 exd4 5. e5 d5 6. Bb5 Ne4 7. Nxd4 Bd7 8.
Bxc6 bxc6 9. O-O Be7 10. f3 Nc5 11. Be3 O-O 12. Nd2 f6 13. exf6 Rxf6 14. Re1 Rg6
15. b4 Nb7 16. Rb1 c5 17. bxc5 Nxc5 18. Ne2 Ne6 19. Nb3 c6 20. Nbd4 Bd6 21. Nxe6
Rxe6 22. Bf4 Bc5+ 23. Kh1 Bb6 24. c4 dxc4 25. Qc2 Be8 26. Rbd1 Qe7 27. Bg3 Bf7
28. Nd4 Rxe1+ 29. Rxe1 Qc5 30. Ne2 Re8 31. Rd1 Bg6 32. Qb2 Bd3 33. Nf4 Bf5 34.
Rc1 Rd8 35. h4 Qd4 36. Qb4 Bc5 37. Qa4 c3 38. Qb3+ Kh8 39. Kh2 Bd6 40. Nh5 c2
41. Bxd6 Qxd6+ 42. f4 Bg6 43. Ng3 Qxf4 44. Qa3 Qxh4+ 45. Kg1 Rd1+ 46. Nf1 Qf4 0-1

[Event "World Rapid Women 2025"]
[Site "Doha QAT"]
[Date "2025.12.26"]
[Round "2.14"]
[White "Song, Yuxin"]
[Black "Charkhalashvili, Inga"]
[Result "1-0"]
[WhiteTitle "IM"]
[BlackTitle "WGM"]
[WhiteElo "2454"]
[BlackElo "2235"]
[WhiteFideId "8614300"]
[BlackFideId "13601431"]
[EventDate "2025.12.26"]

1. e4 c6 2. d4 d5 3. e5 Bf5 4. Nf3 e6 5. Be2 h6 6. O-O Nd7 7. a4 a5 8. c3 Ne7 9.
Na3 Bh7 10. b3 Nf5 11. Ne1 Be7 12. Nd3 O-O 13. Nf4 c5 14. Nb5 cxd4 15. cxd4 Nb8
16. Bd3 Nc6 17. Qg4 Bg5 18. Nh5 Bg6 19. Nf4 Bxf4 20. Bxf4 Kh8 21. Rad1 Rc8 22.
Bc1 Nb4 23. Ba3 Rc6 24. Qe2 Qh4 25. Bxb4 axb4 26. Qe1 Bh5 27. Rd2 Qg5 28. f4 Qd8
29. Rc2 Bg6 30. Qd2 Qe7 31. Rfc1 Rfc8 32. Rxc6 Rxc6 33. Bxf5 Rxc1+ 34. Qxc1 Bxf5
35. Nd6 Bg6 36. Qc8+ Kh7 37. g3 b6 38. Qc6 Qa7 39. Nb5 Qb8 40. Kf2 h5 41. Ke3 h4
42. g4 Qd8 43. Qc7 Qxc7 44. Nxc7 Bc2 45. Na8 Bxb3 46. Nxb6 Bd1 47. a5 b3 48. Na4 1-0

[Event "World Rapid Women 2025"]
[Site "Doha QAT"]
[Date "2025.12.26"]
[Round "2.15"]
[White "Savitha, Shri B"]
[Black "Khotenashvili, Bella"]
[Result "1/2-1/2"]
[WhiteTitle "IM"]
[BlackTitle "GM"]
[WhiteElo "2334"]
[BlackElo "2426"]
[WhiteFideId "35061887"]
[BlackFideId "13602640"]
[EventDate "2025.12.26"]

1. e4 c6 2. d4 g6 3. c4 Bg7 4. Nc3 d6 5. Be2 e5 6. dxe5 dxe5 7. Qxd8+ Kxd8 8.
Nf3 Na6 9. Be3 f6 10. c5 Nc7 11. Nd2 Bh6 12. Nc4 Ke7 13. Rd1 Be6 14. O-O Bxe3
15. Nxe3 Nh6 16. Ned5+ cxd5 17. exd5 Nxd5 18. Nxd5+ Bxd5 19. Rxd5 Nf5 20. Bg4
Rhd8 21. Bf3 Nd4 22. Be4 Rxd5 23. Bxd5 Rc8 24. b4 b6 25. cxb6 axb6 26. g3 Kd6
27. Bf7 b5 28. Rd1 Ke7 29. Bb3 Nxb3 30. axb3 Ke6 31. Ra1 Rd8 32. Ra7 h5 33. Rb7
Rd5 34. Kg2 e4 35. Rb6+ Ke5 36. h4 g5 37. hxg5 fxg5 38. Rc6 Kd4 39. Rc8 Re5 40.
Rc6 g4 41. Rc1 e3 42. fxe3+ Rxe3 43. Rc5 Re2+ 44. Kf1 Re5 45. Rc2 Kd3 46. Rc5
Ke4 47. Kf2 Rd5 48. Ke2 Kd4 49. Rc8 Re5+ 50. Kf2 Rf5+ 51. Kg2 Ke3 52. Rc3+ Kd4
53. Rc8 Rd5 54. Kf2 Ke4 55. Rc5 Rd2+ 56. Kf1 Kf3 57. Rc3+ Ke4 58. Rc5 Rb2 59.
Rxb5 Rxb3 60. Rxh5 Kf3 61. Rf5+ Kxg3 62. b5 Rb2 63. Rc5 Rb3 64. Rf5 Kh3 65. Rh5+
Kg3 66. Rf5 Kh4 67. Rc5 Rb1+ 68. Kg2 Rb2+ 69. Kg1 Kh3 70. Rd5 Rb1+ 71. Kf2 g3+
72. Kf3 Rf1+ 73. Ke4 g2 74. Rg5 Rb1 75. Kf3 Rf1+ 76. Ke4 Rb1 77. Kf3 Rf1+ 78.
Ke4 1/2-1/2

[Event "World Rapid Women 2025"]
[Site "Doha QAT"]
[Date "2025.12.26"]
[Round "2.16"]
[White "Zhapova, Yana"]
[Black "Khamdamova, Afruza"]
[Result "1-0"]
[WhiteTitle "FM"]
[BlackTitle "WGM"]
[WhiteElo "2260"]
[BlackElo "2403"]
[WhiteFideId "24278670"]
[BlackFideId "14210444"]
[EventDate "2025.12.26"]

1. e4 e5 2. Nf3 Nc6 3. Bc4 Nf6 4. d3 Bc5 5. Bg5 h6 6. Bh4 Be7 7. Bg3 d6 8. a4 a5
9. c3 O-O 10. O-O Be6 11. Nbd2 Bxc4 12. Nxc4 Re8 13. Nfd2 Qd7 14. Kh1 Rad8 15.
f4 exf4 16. Bxf4 d5 17. exd5 Nxd5 18. Bg3 Bg5 19. Ne4 Ne3 20. Nxe3 Bxe3 21. Bh4
Rc8 22. Rf3 f5 23. Qb3+ Kh7 24. Rxe3 fxe4 25. dxe4 Ne5 26. Rd1 Qc6 27. Rd5 Re6
28. h3 Rce8 29. Qc2 Kh8 30. b3 b6 31. Bg3 Nd7 32. Rd4 Ne5 33. Qd2 Qc5 34. Rd5
Qe7 35. Bxe5 Rxe5 36. Rxe5 Qxe5 37. Qd4 Qf4 38. e5 Qf1+ 39. Kh2 c5 40. Qg4 Qc1
41. Rg3 Rg8 42. Qe4 Qd1 43. e6 Qd6 44. Qg6 Qe5 45. Qf7 g5 46. e7 g4 47. hxg4 Qe1
48. Qf6+ Kh7 49. Qf7+ Kh8 50. Rf3 Qe5+ 51. Rf4 Qe1 52. Qxg8+ Kxg8 53. Rf8+ 1-0